000 00304nam a2200133Ia 4500
008 240829s1901 xx 000 0 und d
041 _aeng
082 _a0 YAD
100 _aYADAVA SHARMANNA
245 _aMADHAVANIDANM [ SANSKRUT]
260 _bN.D.
_c1901
906 _aN.D.
999 _c1205010
_d1205010